01157nam a2200193Ia 4500001001100000003001000011008004100021040002500062041001300087100001900100245004000119250001100159260008200170300001200252500027400264501011400538520027400652650003700926L100-51696IT-CnALBA170116s9999||||xx |||||||||||||| ||und|| aIT-CnALBAcIT-CnALBA aITALIANO aALESSI ADRIANO 0aETICA GENERALE DELLA SESSUALITÀ.  a1a ed. a ROMA, MILANO.bARES EDIZIONI c1992 [1° Ed.:1992 - Ed.Ling.Originale: 1992] a118 p.  aPONTIFICIA UNIVERSITÀ LATERANENSE. PRESUPPOSTI ETICA. UNITÀ PERSONA UMANA. LA REDENZIONE DEL CORPO UMANO. TEMI ETICA SESSUALITÀ. BONTÀ DELLA SESSUALITÀ. ETICA SESSUALITÀ UMANA. LEGGE SESSUALITÀ UMANA. DI STATI DI VITA CRISTIANI. STATO CONIUGALE. STATO VER aSocietà San Paolo EM - Piazza San Paolo, 14 - 12051 ALBA (CN) (non commercial uses only) ® Copyright 2017 aPONTIFICIA UNIVERSITÀ LATERANENSE. PRESUPPOSTI ETICA. UNITÀ PERSONA UMANA. LA REDENZIONE DEL CORPO UMANO. TEMI ETICA SESSUALITÀ. BONTÀ DELLA SESSUALITÀ. ETICA SESSUALITÀ UMANA. LEGGE SESSUALITÀ UMANA. DI STATI DI VITA CRISTIANI. STATO CONIUGALE. STATO VER aFILOSOFIA E DISCIPLINE COLLEGATE